000 00385nam a2200145Ia 4500
008 220216s9999 xx 000 0 und d
100 _aBhatnagar Sant K
245 0 _aCarbon blacks and allotropes of carbon
260 _bRubber International Magazine
_c2008
300 _a21-30
520 _aRubber Alert 2008 (1-2)
650 _aAllotropes
650 _aCarbon black
942 _cJS
999 _c55133
_d55133